000
00296 a2200157 4500
001
161328
020
_a
040
_c
Magnum
100
_a
Amos, Janine
240
1
0
_a
Ciumes
_l
por
245
1
0
_a
Ciumes
362
0
_a
1899
440
1
_a
Eko
697
_a
IJ/SOCIEDADE COTIDIANO
942
_c
BK
999
_c
161328
_d
161328